Asesina - Brytiago, Darell - Estadísticas

Estadísticas generales
  • Esta prueba ha sido intentada 264 veces
  • La puntuación promedio es 173 de 436
Estadísticas de respuestas
Letra % Correcto
a
100%
asesina
100%
e
100%
no
100%
No
100%
s
100%
un
100%
una
100%
y
100%
Y
100%
bien
75%
de
75%
75%
dura
75%
Ere
75%
ere
75%
negar
75%
que
75%
Que
75%
te
75%
Te
75%
75%
75%
tu
75%
ve
75%
vo
75%
voy
75%
yo
75%
Yo
75%
borracho
50%
cuerpo
50%
día
50%
el
50%
en
50%
eres
50%
es
50%
la
50%
lo
50%
me
50%
mujer
50%
negarte
50%
ni
50%
Pa
50%
pa
50%
Puede
50%
puede
50%
se
50%
Se
50%
su
50%
ti
50%
al
25%
Brytiago
25%
busca
25%
como
25%
con
25%
del
25%
diablo
25%
Dios
25%
duro
25%
ese
25%
Ese
25%
los
25%
Maldito
25%
Maliciosa
25%
mi
25%
Ojalá
25%
Por
25%
por
25%
Porque
25%
porque
25%
quiere
25%
quiero
25%
ra
25%
sea
25%
siempre
25%
Sin
25%
Solo
25%
ta
25%
terminemo
25%
tiene
25%
to
25%
última
25%
va
25%
ver
25%
vuelva
25%
Vuelva
25%
ya
25%
aborrecía
0%
Aborrecía
0%
ahí
0%
ahora
0%
aparece
0%
aparecer
0%
aquí
0%
así
0%
aunque
0%
baby
0%
barría
0%
bello
0%
brinque
0%
cada
0%
caso
0%
cementerio
0%
cero
0%
cincuenta
0%
clave
0%
condón
0%
confundía
0%
Confundía
0%
contigo
0%
conviene
0%
corazón
0%
crecía
0%
criterio
0%
Cuando
0%
cuando
0%
cuatro
0%
dar
0%
darte
0%
decir
0%
Decirte
0%
Desenmoña
0%
dices
0%
difícil
0%
discotek
0%
Dos
0%
ello
0%
enamore
0%
Entre
0%
esa
0%
esnúa
0%
Eso
0%
eso
0%
está
0%
estamos
0%
estás
0%
estrello
0%
Everybody
0%
experta
0%
Fantasma
0%
frene
0%
G4
0%
go
0%
hacer
0%
hagas
0%
hay
0%
intermedio
0%
It
0%
Ja
0%
ja
0%
jalar
0%
Jugando
0%
junto
0%
le
0%
ley
0%
Life
0%
llegue
0%
lucía
0%
mami
0%
más
0%
masoquista
0%
Mayweather
0%
medio
0%
mente
0%
metía
0%
mucho
0%
muere
0%
muerto
0%
my
0%
na
0%
nigga
0%
noche
0%
nota
0%
orgullo
0%
otro
0%
pacto
0%
Pégate
0%
pelea
0%
peleando
0%
pelee
0%
pelo
0%
perdía
0%
perdone
0%
pero
0%
Pero
0%
Phillie
0%
pierna
0%
podere
0%
pone
0%
pongo
0%
ponte
0%
probé
0%
problema
0%
quien
0%
quién
0%
Real
0%
ronco
0%
Rondón
0%
sabes
0%
salgan
0%
salte
0%
sello
0%
sepa
0%
ser
0%
serio
0%
sigo
0%
sigue
0%
Sigue
0%
suba
0%
suelta
0%
tengo
0%
the
0%
The
0%
tienta
0%
tipo
0%
todo
0%
tragos
0%
vez
0%
vuelta
0%
vuelve
0%
woah
0%
No se encontraron pruebas coincidentes
Distribución de puntuación
Porcentaje de gente con cada puntuación
Porcentaje por número respondido
Historial de tus puntuaciones
No has intentado esta prueba.